|
|
|
|
| LEADER |
00000nab a2200000 a 4500 |
| 001 |
vtls008632645 |
| 003 |
SK-MaSNL |
| 005 |
20260304141555.0 |
| 008 |
250505c2005 xo mr|p|||||||000 b|slo |
| 015 |
|
|
|a SNBRB2006/03
|2 snkbucl
|
| 035 |
|
|
|a (uuid)438534a6-29d4-4620-bc33-fa1277b2395e
|
| 035 |
|
|
|a urn:nbn:sk:snk-abwt4
|
| 035 |
|
|
|a (urnnbn)urn:nbn:sk:snk:ar-a05ah3
|
| 038 |
|
|
|a SNKBUCL
|
| 040 |
|
|
|a SNKBUCL
|b slo
|c SNKBUCL
|e AACR2
|
| 041 |
0 |
|
|a slo
|
| 044 |
|
|
|a xo
|c SK
|
| 080 |
|
|
|a 004.35:061.5:061.3
|2 1997
|
| 080 |
|
|
|a 778.19
|2 1997
|
| 080 |
|
|
|a 681.625.9
|2 1997
|
| 100 |
1 |
|
|a Macko, Ondrej
|4 aut
|9 270160
|
| 245 |
1 |
0 |
|a Nevyhnutnosť zmeny súčasných IT zariadení
|c Ondrej Macko
|
| 300 |
|
|
|b Fotogr.
|
| 611 |
2 |
7 |
|a Konica Minolta European Leadership Conference
|d (2005 :
|c Berlín, Nemecko)
|2 snkbucl
|9 1459694
|
| 650 |
0 |
7 |
|a farebné počítačové tlačiarne
|2 snkbucl
|9 214652
|
| 650 |
0 |
7 |
|a periférne počítačové zariadenia
|2 snkbucl
|9 73708
|
| 650 |
0 |
7 |
|a multifunkčné zariadenia
|2 snkbucl
|9 1049738
|
| 773 |
0 |
|
|t PC revue
|g Roč. XIII, č. 11 (2005), s. 58
|x 1335-0226
|
| 850 |
|
|
|a Slovenská národná knižnica
|
| 852 |
|
|
|a Slovenská národná knižnica
|
| 954 |
|
|
|a odborná, vedecká literatúra pôvodná (slovenská)
|2 lita
|
| 958 |
|
|
|a article27
|
| 958 |
|
|
|a OND
|
| 958 |
|
|
|a EUIPO
|
| 999 |
|
|
|c 2919021
|d 2920951
|